Advanced thermoelectrics : (Record no. 598358)
[ view plain ]
| 000 -LEADER | |
|---|---|
| fixed length control field | 00237nam a2200097Ia 4500 |
| 008 - FIXED-LENGTH DATA ELEMENTS--GENERAL INFORMATION | |
| fixed length control field | 230907s9999||||xx |||||||||||||| ||und|| |
| 082 ## - DEWEY DECIMAL CLASSIFICATION NUMBER | |
| Classification number | 620.11297 |
| Author Mark | ADV |
| 245 #0 - TITLE STATEMENT | |
| Title | Advanced thermoelectrics : |
| 300 ## - PHYSICAL DESCRIPTION | |
| Extent | xxii, 790 pages ; |
| 942 ## - ADDED ENTRY ELEMENTS (KOHA) | |
| Koha item type | Book |
| Withdrawn status | Lost status | Damaged status | Not for loan | Permanent Location | Current Location | Date acquired | Total Checkouts | Full call number | Barcode | Date last seen | Price effective from | Koha item type |
|---|---|---|---|---|---|---|---|---|---|---|---|---|
| US-Pakistan Center for Advanced Studies in Energy (USPCAS-E) | US-Pakistan Center for Advanced Studies in Energy (USPCAS-E) | 07/17/2019 | 620.11297 ADV | CAS-E0002457 | 09/12/2023 | 09/12/2023 | Book |
